|
|
|
|
| LEADER |
01263nam a2200265 a 4500 |
| 001 |
0016936 |
| 003 |
BD-DhAAL |
| 008 |
110720r20071995nyua b 001 0 eng d |
| 010 |
|
|
|a 94042324
|
| 020 |
|
|
|a 0131233246
|
| 020 |
|
|
|a 8131707156
|
| 040 |
|
|
|a DLC
|c DLC
|d DLC
|c BD-DhAAL
|
| 082 |
0 |
0 |
|a 006.6
|2 20
|
| 100 |
1 |
|
|a Jeffcoate, Judith
|9 58659
|
| 245 |
1 |
0 |
|a Multimedia in practice :
|b technology and applications /
|c Judith Jeffcoate.
|
| 260 |
|
|
|a New York ;
|b Prentice Hall ;
|a New Delhi :
|b Pearson Education,
|c 1995 [reprinted 2007].
|
| 300 |
|
|
|a xviii, 238 p. :
|b ill. ;
|c 24 cm
|
| 504 |
|
|
|a Includes bibliographical references and index.
|
| 526 |
|
|
|a CSE
|x Dr. Mumit Khan
Professor and Chairperson
Department of Computer Science and Engineering
BRAC University
|
| 541 |
1 |
|
|e 0016936
|a Essence Science Publications
|
| 650 |
|
0 |
|a Multimedia systems.
|
| 852 |
4 |
|
|a Ayesha Abed Library
|c General Stacks
|
| 942 |
|
|
|2 ddc
|c BK
|
| 999 |
|
|
|c 11117
|d 11117
|
| 952 |
|
|
|0 0
|1 0
|2 ddc
|4 0
|6 006_600000000000000_JEF
|7 0
|9 17554
|a BRACUL
|b BRACUL
|c GEN
|d 2011-07-21
|e Essence Science Publications
|g 314.00
|l 1
|o 006.6 JEF
|p 3010016936
|r 2024-01-03
|s 2024-01-03
|t 1
|w 2011-07-21
|y BK
|x Requisitioned by Dr. Mumit Khan (Professor and Chairperson, Department of Computer Science and Engineering, BRAC University).
|